Panem Aufgaben der Distrikte - Statistiken

Allgemein
  • Dieses Quiz wurde 45 mal gespielt
  • Das Durchschnittsergebnis liegt bei 4 aus 13
Antwortstatistiken
Hint Antwort % Korrekt
Distrikt 12 Bergbau
98%
Distrikt 4 Fischerei
60%
Distrikt 13 Waffen
53%
Distrikt 5 Strom
43%
Distrikt 10 Viehzucht
40%
Distrikt 9 Ackerbau
33%
Distrikt 8 Textilien
33%
Distrikt 3 Technologie
28%
Distrikt 6 Transport
18%
Distrikt 7 Holzfällerei
15%
Distrikt 2 Stein
13%
Distrikt 11 Agrarkultur
10%
Distrikt 1 Luxusartikel
8%
Keine übereinstimmenden Quizze gefunden
Verteilung der Resultate
Anzahl Personen mit jedem Resultat
Perzentil nach korrekt beantworteten Fragen
Ihre Resultats-Entwicklung
Sie haben dieses Quiz noch nicht gespielt